000 00939nam a22002417a 4500
005 20240530110627.0
008 170108s2014 ua b g b 000 0 ara d
017 _a2014/16401
_bمصر. دار الكتب
020 _a9789773223380
040 _aEG-CaGPL
_cEG-CaGPL
082 0 4 _221
_a909.07\
_bع ق
100 0 _aعلاء طه رزق حسين .
245 1 0 _aقضايا من تاريخ العصور الوسطى /
_cعلاء طه رزق حسين .
250 _aط.1
260 _aالقاهرة :
_bعين للدراسات و البحوث الانسانية و الاجتماعية ،
_c2014 .
300 _a191 ص ؛
_c24 سم .
504 _aببليوجرافية : ص 180 - 191
650 0 7 _2qrmak
_aالعصور الوسطى
_xتاريخ .
650 0 7 _2qrmak
_aالدولة البيزنطية .
650 0 7 _2qrmak
_aالحروب الصليبية .
942 _2ddc
_cBK
999 _c63173
_d63173